The future of transport (Record no. 104121)

MARC details
000 -LEADER
fixed length control field 01697cam a2200205 4500
001 - CONTROL NUMBER
control field L129183
008 - FIXED-LENGTH DATA ELEMENTS--GENERAL INFORMATION
fixed length control field 050329n2004 000 0 eng u
020 ## - INTERNATIONAL STANDARD BOOK NUMBER
International Standard Book Number 0101623429
035 ## - SYSTEM CONTROL NUMBER
System control number (Sirsi) u129183
041 ## - LANGUAGE CODE
Language code of text/sound track or separate title eng
050 ## - LIBRARY OF CONGRESS CALL NUMBER
Classification number 711.7
-- 18
110 ## - MAIN ENTRY--CORPORATE NAME
Corporate name or jurisdiction name as entry element Department for Transport
9 (RLIN) 4683
245 #4 - TITLE STATEMENT
Title The future of transport
Remainder of title a network for 2030
260 ## - PUBLICATION, DISTRIBUTION, ETC.
Place of publication, distribution, etc. London
Name of publisher, distributor, etc. TSO
Date of publication, distribution, etc. 2004
520 ## - SUMMARY, ETC.
Summary, etc. "The Future of Transport" White Paper, published on 20 July 2004,outlines a long-term strategy for a modern, efficient and sustainable transport system backed up by sustained high levels of investment over the next 15 years. It looks at the factors that will shape travel and transport over the next thirty years and sets out the government response to the increasing demand for travel, maximising the benefits of transport while minimising the negative impact on people and the environment. The White Paper extends to Wales and Scotland in so far as it covers UK policy responsibilities for regulation of aviation and shipping, some aspects of road traffic regulation such as vehicle licensing, rail services in Wales and cross- border rail services in Scotland. It also covers marine, air and rail safety. It does not cover roads in Wales and Scotland, transport funding programmes administered by the devolved administrations, or transport services which operate solely within Wales or Scotland. Its proposals do not extend to Northern Ireland.
590 ## - LOCAL NOTE (RLIN)
Local note IKA290405
690 ## - LOCAL SUBJECT ADDED ENTRY--TOPICAL TERM (OCLC, RLIN)
Topical term or geographic name as entry element PROPERTY-INFRASTRUCTURE-TRANSPORT INFRASTRUCTURE
856 ## - ELECTRONIC LOCATION AND ACCESS
Uniform Resource Identifier <a href="https://www.dft.gov.uk/stellent/groups/dft_about/documents/divisionhomepage/031259.hcsp">https://www.dft.gov.uk/stellent/groups/dft_about/documents/divisionhomepage/031259.hcsp</a>
Public note View the White Paper on the DfT website...
942 ## - ADDED ENTRY ELEMENTS (KOHA)
Suppress in OPAC 0
Holdings
Withdrawn status Lost status Source of classification or shelving scheme Damaged status Not for loan Home library Current library Shelving location Date acquired Total Checkouts Full call number Barcode Date last seen Copy number Price effective from Koha item type
    Dewey Decimal Classification     Virtual Virtual Online 12/04/2005   ONLINE PUBLICATION 129183-1001 06/08/2019 1 06/08/2019 Book